000 00575nam a22002057a 4500
999 _c6040
_d6040
003 AR-CdUCM
008 190313b ||||| |||| 00| 0 spa d
040 _aMUNICIPALIDAD PROVINCIAL DEL CUSCO
_cBIBLIOTECA MUNICIPAL DEL CUSCO
082 _a891.03 /
_bR36
100 _aReissner, Larisa
_917628
245 _aHombres y Maquinas /
260 _aMadrid :
_bCenit,
_c1929.
300 _a260 páginas ;
_c29 cm.
500 _aDonación de la familia Nieto
650 _aPolonia
_99922
650 _aNovela
_95
650 _aSiglo XX
_98
942 _2ddc
_cLIBROS
945 _araen